00377nam a2200133Ia 450000500170000000800410001702000180005808200210007610000310009724500480012825000120017626000470018830000080023520250410144936.0231217s9999 xx 000 0 und d a9788184672022 a823.08 NIR;1 R aNiranjana. Ravikumar, C P. 0aVishwakatakosha -3 : kaadinalli beladingalu a2nd ed. c2011bNavakarnataka PublicationaBangalore a160